00560nam a22001817a 450000500170000001000150001702000350003203500140006703700090008108200080009010000160009824500680011425000060018226000420018827001030023030000290033370000160036220240521155626.0 aENG-140444 a9789392568381 (vol.1)c8250.00 aEN-123976 bDBAD a954 aDiwan, H.D. aResearches In Nine Ancient Hindu Forts Of India/cby H.D. Diwan a1 aChhattisgarhbAditi Publicationc2023 aOpp. New Panchajanya Vidya Mandir, Near Tiranga Chowk, Kushalpur, RaipurbChhattisgarhk9425210308 a238 ,viii p.c20cm, (pb} aDiwan, H.D.